Statistics for Smallest Counties in Kansas

Click here to take the quiz!

General Stats

  • This quiz has been taken 4 times
  • The average score is 10 of 15

Answer Stats

Size (in square miles)County% Correct
431Atchison
100%
393Doniphan
100%
455Douglas
100%
384Geary
100%
473Johnson
100%
151Wyandotte
100%
539Harvey
67%
532Jefferson
67%
544Shawnee
67%
500Allen
33%
462Leavenworth
33%
571Neosho
33%
570Wilson
33%
497Woodson
33%
570Brown
0%

Score Distribution

Percentile by Number Answered

Percent of People with Each Score

Your Score History

You have not taken this quiz